000 00572nam a2200205Ia 4500
008 210417s9999 xx 000 0 und d
020 _a9781574447170
020 _b1574447173
082 _a624.1899 KLO
082 _b22.624.1899 KLO
245 0 _aSealants in construction
245 0 _cSealants in construction
250 _aSecond edition.
250 _b"xvii, 406 pages : illustrations ; 26 cm. ; hbk"
260 _aBoca Raton
260 _bCRC Press
260 _c2016
700 _a"Klosowski, Jerome M"
700 _b"Jerome Klosowski, Andreas T. Wolf."
999 _c468331
_d468331